| 000 | 00489nam a2200133 a 4500 | ||
|---|---|---|---|
| 008 | 120416s1969 ||||||||||||||||| || u | ||
| 050 | _aREF TL 788 Sov | ||
| 100 | _aPetrovich, G. V | ||
| 245 | 1 | 4 |
_aThe Soviet encyclopedia of space flight _cedited by G. V. Petrovich |
| 260 |
_aMoscow _bMir Publishers _c1969 |
||
| 300 | _a619p. : ill | ||
| 350 | _a0.00 | ||
| 995 |
_D0.00 _FCBU-MAIN LIBRARY (Kitwe) _H1 _I0.00 _M1 _UDAMAGED _ZReference Collection |
||
| 999 |
_c58015 _d58015 |
||